| 000 | 00686nam a2200205Ia 4500 | ||
|---|---|---|---|
| 001 | 17137 | ||
| 003 | GE_BSU | ||
| 008 | 181216s||||||||xx |||||||||||||| ||und|| | ||
| 040 | _cGE_BSU | ||
| 080 | _a821.353.1-311 | ||
| 100 | _aგამსახურდია, კ. (კონსტანტინე, 1891-1975) | ||
| 245 | _aდავით აღმაშენებელი : ტეტრალოგია წ. 2. | ||
| 260 | _aთბილისი | ||
| 260 | _bსახელგამი | ||
| 260 | _c1954 | ||
| 300 | _a488 გვ.21 სმ | ||
| 653 | _aდავით აღმაშენებელი | ||
| 653 | _aტეტრალოგია | ||
| 942 | _cBK | ||
| 999 |
_c50199 _d50199 |
||